[Event "Saint Louis Blitz 2025"]
[Site "Saint Louis USA"]
[Date "2025.08.14"]
[Round "5.1"]
[White "Aronian, Levon"]
[Black "Caruana, Fabiano"]
[Result "1-0"]
[WhiteTitle "GM"]
[BlackTitle "GM"]
[WhiteElo "2737"]
[BlackElo "2784"]
[WhiteFideId "13300474"]
[BlackFideId "2020009"]
[EventDate "2025.08.14"]

1. e4 e5 2. Nf3 Nc6 3. Be2 Nf6 4. d3 d5 5. exd5 Nxd5 6. O-O Bd6 7. c4 Nf6 8. Nc3
h6 9. a3 O-O 10. h3 a6 11. Be3 Re8 12. Re1 Bf5 13. Bf1 Qd7 14. Qb3 b6 15. Rad1
Bc5 16. Qa4 Qd6 17. Ne4 Bxe4 18. dxe4 Qe6 19. Bxc5 bxc5 20. Rd5 Nd4 21. Nxd4
cxd4 22. Ra5 Red8 23. Qc2 Qd7 24. Rxe5 d3 25. Qc3 Qd4 26. Qxd4 Rxd4 27. f3 a5
28. Rd1 Rxc4 29. Bxd3 Rc6 30. Kf2 g5 31. Rd2 Kg7 32. Be2 Rb6 33. Rb5 Rab8 34. a4
Rxb5 35. axb5 Kf8 36. Rd4 Ke7 37. Ra4 Ne8 38. Rxa5 Nd6 39. e5 Nc8 40. Ra3 Nb6
41. Rc3 Kd7 42. Rc6 Re8 43. Rxh6 Rxe5 44. g3 Rc5 45. Rc6 Rxc6 46. bxc6+ Kxc6 47.
h4 gxh4 48. gxh4 Kd6 49. h5 Ke5 50. h6 Kf6 51. Bd3 Na4 52. b4 Nc3 53. b5 Nd5 54.
Kg3 Nb6 55. Kf4 Nd7 56. Ke3 Ne5 57. Bc2 c6 58. bxc6 Nxc6 59. Be4 Ne5 60. Kf4 Nc4
61. Kg4 Nd2 62. Bd3 Nb3 63. f4 Nc5 64. Bc2 Ne6 65. Be4 Nd4 66. f5 Nb5 67. Kh5
Nd6 68. Bd3 Ne8 69. Bc4 Nd6 70. Bd3 Ne8 71. Bc2 Nd6 72. Kg4 Ne8 73. Kf4 Nd6 74.
Bd3 Nb7 75. h7 Kg7 76. f6+ Kh8 77. Ke5 Nc5 78. Bf5 Nd3+ 79. Ke4 Nc5+ 80. Kd4
Nb3+ 81. Kd5 Nd2 82. Bg6 Nf3 83. Bxf7 Kxh7 84. Kd6 Ng5 85. Ke7 Kh6 86. Be8 Nh7
87. f7 Kg7 88. Bd7 Nf8 89. Bf5 Kh8 90. Kf6 Ng6 91. Be4 Nf8 92. Bf3 Ng6 93. Bh5
Nf8 94. Bg4 Ng6 95. Bf5 Nf8 96. Ke7 Kg7 97. Bc8 Ng6+ 98. Ke8 Nf8 99. Bf5 Kh8
100. Ke7 Ng6+ 101. Bxg6 1-0

[Event "Saint Louis Blitz 2025"]
[Site "Saint Louis USA"]
[Date "2025.08.14"]
[Round "5.2"]
[White "Vachier-Lagrave, Maxime"]
[Black "Shankland, Sam"]
[Result "1/2-1/2"]
[WhiteTitle "GM"]
[BlackTitle "GM"]
[WhiteElo "2736"]
[BlackElo "2670"]
[WhiteFideId "623539"]
[BlackFideId "2004887"]
[EventDate "2025.08.14"]

1. e4 e5 2. Nf3 Nc6 3. Bb5 a6 4. Ba4 Nf6 5. O-O Be7 6. Re1 b5 7. Bb3 O-O 8. a4
Rb8 9. axb5 axb5 10. d3 d6 11. Nc3 Bg4 12. Be3 Nb4 13. h3 Bxf3 14. Qxf3 c5 15.
Bg5 Nd7 16. Bxe7 Qxe7 17. Ra7 Nc6 18. Nd5 Qd8 19. Ra6 Nd4 20. Qg4 Nf6 21. Nxf6+
Qxf6 22. Rea1 g6 23. Qd1 c4 24. dxc4 bxc4 25. Bxc4 Rxb2 26. R6a2 Rxa2 27. Rxa2
Rc8 28. Bd5 Rc7 29. Qd2 Kg7 30. c3 Nb5 31. Rc2 Rc5 32. Rc1 h5 33. Qe3 h4 34. g3
Nc7 35. Bb3 Ne6 36. Kg2 Qe7 37. Bxe6 Qxe6 38. gxh4 Rc4 39. Rd1 Qc8 40. Rxd6 Rxc3
41. Rd3 Rc4 42. h5 Qc6 43. Rd5 Qf6 44. h6+ Kh7 45. Rd7 Rc6 46. h4 Qe6 47. Qh3
Qxh3+ 48. Kxh3 Rf6 49. Kg3 Rf4 50. f3 Kxh6 51. Re7 f6 52. Re8 Kg7 53. Ra8 Kh7
54. Ra7+ Kh6 55. Ra8 Kh7 56. Ra7+ Kh6 57. Ra8 Kh7 58. Ra7+ 1/2-1/2

[Event "Saint Louis Blitz 2025"]
[Site "Saint Louis USA"]
[Date "2025.08.14"]
[Round "5.3"]
[White "So, Wesley"]
[Black "Abdusattorov, Nodirbek"]
[Result "1-0"]
[WhiteTitle "GM"]
[BlackTitle "GM"]
[WhiteElo "2745"]
[BlackElo "2771"]
[WhiteFideId "5202213"]
[BlackFideId "14204118"]
[EventDate "2025.08.14"]

1. e4 e5 2. Nf3 Nc6 3. Bc4 Nf6 4. d3 Bc5 5. Bg5 d6 6. c3 a6 7. h3 Ba7 8. Bb3 O-O
9. Nbd2 Kh8 10. Bh4 Be6 11. O-O Ne7 12. d4 Ng6 13. Bg3 Qe8 14. Bc2 Rd8 15. Re1
Nh5 16. Nxe5 dxe5 17. Qxh5 exd4 18. cxd4 Bxd4 19. Nf3 Bxb2 20. Rab1 Bc3 21. Rec1
Bd2 22. Nxd2 Rxd2 23. Qc5 b5 24. a4 bxa4 25. f4 Bb3 26. f5 Bxc2 27. Rxc2 Rxc2
28. Qxc2 Ne5 29. Qxc7 f6 30. Rb7 Rg8 31. Bxe5 Qxe5 32. Qxe5 fxe5 33. Ra7 g6 34.
Rxa6 gxf5 35. exf5 h5 36. Rxa4 Kg7 37. g4 Kf6 38. Kf2 hxg4 39. hxg4 Kg5 40. Ra6
Kf4 41. Rg6 Ra8 42. f6 Ra2+ 43. Ke1 Ke3 44. Kd1 e4 45. g5 Kd3 46. Kc1 e3 47. f7
Rf2 48. Rd6+ Kc3 49. Rc6+ Kd3 50. g6 e2 51. Rd6+ Kc3 52. Rc6+ Kd3 53. Re6 Rf6
54. Re8 Rf1+ 55. Kb2 Rf2 56. Kb3 Rf3 57. g7 Kd2+ 58. Kb2 Re3 59. Rxe3 e1=Q 60.
Rxe1 1-0

[Event "Saint Louis Blitz 2025"]
[Site "Saint Louis USA"]
[Date "2025.08.14"]
[Round "5.4"]
[White "Oparin, Grigoriy"]
[Black "Le, Quang Liem"]
[Result "1/2-1/2"]
[WhiteTitle "GM"]
[BlackTitle "GM"]
[WhiteElo "2660"]
[BlackElo "2729"]
[WhiteFideId "24125890"]
[BlackFideId "12401137"]
[EventDate "2025.08.14"]

1. e4 e5 2. Nc3 Nf6 3. a3 Nc6 4. d3 Bc5 5. Nf3 Ng4 6. d4 exd4 7. Na4 d6 8. h3
Nge5 9. Nxe5 Nxe5 10. b4 Bb6 11. Nxb6 axb6 12. Qxd4 O-O 13. Bb2 f5 14. O-O-O
Qg5+ 15. Kb1 fxe4 16. Qxe4 Bf5 17. Qd5+ Kh8 18. Qd2 Qxd2 19. Rxd2 Rae8 20. Be2
Bg6 21. f3 Rf4 22. Bb5 Nc4 23. Bxc4 Rxc4 24. Rf1 Re3 25. Rff2 Re1+ 26. Bc1 Kg8
27. Rde2 Rg1 28. Kb2 Rd4 29. Bd2 Kf7 30. Re3 Rd5 31. Rfe2 Kf8 32. Rc3 c5 33.
Rce3 h6 34. a4 Rd4 35. a5 bxa5 36. bxc5 dxc5 37. Bxa5 Rdd1 38. Rb3 b5 39. Bb6
Rb1+ 40. Kc3 b4+ 41. Kd2 Rgd1+ 42. Ke3 c4 43. Rxb4 Rxb4 44. Bc5+ Kf7 45. Bxb4
Rc1 46. c3 Bd3 47. Ra2 Rc2 48. Ra7+ Kg8 49. g4 Rh2 50. Bc5 Rxh3 51. Bd4 g5 52.
Rg7+ Kf8 53. Rc7 Kg8 54. Rg7+ Kf8 55. Rc7 Kg8 56. Rg7+ 1/2-1/2

[Event "Saint Louis Blitz 2025"]
[Site "Saint Louis USA"]
[Date "2025.08.14"]
[Round "5.5"]
[White "Gukesh, D"]
[Black "Dominguez Perez, Leinier"]
[Result "1-0"]
[WhiteTitle "GM"]
[BlackTitle "GM"]
[WhiteElo "2776"]
[BlackElo "2738"]
[WhiteFideId "46616543"]
[BlackFideId "3503240"]
[EventDate "2025.08.14"]

1. c4 c5 2. Nf3 Nf6 3. Nc3 Nc6 4. g3 d5 5. d4 e6 6. cxd5 Nxd5 7. Bg2 cxd4 8.
Nxd4 Nxc3 9. bxc3 Nxd4 10. Qxd4 Qxd4 11. cxd4 Bd6 12. Bd2 Rb8 13. a4 b6 14. e4
O-O 15. Ke2 Ba6+ 16. Ke3 e5 17. Bc3 Rbc8 18. Rhc1 Rxc3+ 19. Rxc3 exd4+ 20. Kxd4
Rd8 21. Ke3 Be5 22. Rac1 Bxc3 23. Rxc3 Rc8 24. Ra3 Rc5 25. Bf3 Kf8 26. Bd1 Ke7
27. f4 f6 28. Kd2 Bb7 29. Re3 Bc6 30. Bc2 h6 31. Ra3 Kd6 32. Rd3+ Kc7 33. Rd4
Ra5 34. Kc3 Rc5+ 35. Kb2 Ra5 36. Kb3 Rc5 37. Kb2 Ra5 38. Bb3 Rc5 39. h4 Ra5 40.
Kc3 Rc5+ 41. Kd2 Ra5 42. Rc4 Kd6 43. Rd4+ Ke7 44. Ke3 Rc5 45. Kd3 Ra5 46. Rc4
Kd6 47. Kd4 Bd7 48. Bc2 Rc5 49. Rxc5 bxc5+ 50. Kc3 Be6 51. a5 Bf7 52. Bd3 Be6
53. Bc4 Bd7 54. Bf7 Bb5 55. Bd5 Be2 56. Bc4 Bf3 57. Bd3 Bh5 58. Kc4 Be8 59. e5+
fxe5 60. fxe5+ Kxe5 61. Kxc5 g5 62. hxg5 hxg5 63. Bb5 Bg6 64. Kc6 Ke4 65. Kb7
Kf3 66. Kxa7 Kxg3 67. a6 g4 68. Kb7 Be4+ 69. Bc6 Bxc6+ 70. Kxc6 Kf2 71. a7 g3
72. a8=Q 1-0

[Event "Saint Louis Blitz 2025"]
[Site "Saint Louis USA"]
[Date "2025.08.14"]
[Round "6.2"]
[White "Le, Quang Liem"]
[Black "Aronian, Levon"]
[Result "1/2-1/2"]
[WhiteTitle "GM"]
[BlackTitle "GM"]
[WhiteElo "2729"]
[BlackElo "2737"]
[WhiteFideId "12401137"]
[BlackFideId "13300474"]
[EventDate "2025.08.14"]

1. d4 Nf6 2. c4 e6 3. Nf3 d5 4. Nc3 Bb4 5. Qa4+ Nc6 6. e3 O-O 7. Qc2 Qe7 8. Bd2
dxc4 9. Bxc4 e5 10. d5 Qc5 11. dxc6 Qxc4 12. Nxe5 Qe6 13. Qb3 Qxe5 14. Qxb4 bxc6
15. O-O a5 16. Qh4 Rb8 17. b3 Rd8 18. Rfd1 Bg4 19. f3 Rxd2 20. Rxd2 Qxe3+ 21.
Qf2 Qxc3 22. Rad1 Bd7 23. Rxd7 Nxd7 24. Rxd7 Qa1+ 25. Qf1 Qxa2 26. Qc4 Rf8 27.
Rxc7 a4 28. Qxa4 Qb1+ 29. Kf2 Qb2+ 30. Kg3 Qe5+ 31. Qf4 Qe1+ 32. Kh3 Qe6+ 33.
Kg3 h6 34. h3 Rd8 35. Rb7 Rd5 36. Rb8+ Kh7 37. Qe4+ Qxe4 38. fxe4 Rd3+ 39. Kf2
c5 40. Rb5 Rc3 41. b4 cxb4 42. Rxb4 h5 43. Rb5 Kg6 44. h4 Rc2+ 45. Kf3 Rc3+ 46.
Kf2 Rc2+ 47. Kf3 Rc3+ 48. Kf2 1/2-1/2

[Event "Saint Louis Blitz 2025"]
[Site "Saint Louis USA"]
[Date "2025.08.14"]
[Round "6.3"]
[White "Caruana, Fabiano"]
[Black "Gukesh, D"]
[Result "1/2-1/2"]
[WhiteTitle "GM"]
[BlackTitle "GM"]
[WhiteElo "2784"]
[BlackElo "2776"]
[WhiteFideId "2020009"]
[BlackFideId "46616543"]
[EventDate "2025.08.14"]

1. e4 e5 2. Nf3 Nc6 3. Nc3 Nf6 4. h3 Bb4 5. Bd3 O-O 6. O-O Bxc3 7. dxc3 d6 8. a4
a5 9. Be3 Ne7 10. Nd2 Ng6 11. Re1 h6 12. Bf1 b6 13. g3 Bb7 14. Bg2 d5 15. exd5
Bxd5 16. Nf3 Qc8 17. Qe2 Qb7 18. c4 Be4 19. c5 Rfd8 20. cxb6 cxb6 21. Rad1 Ne7
22. Nh4 Bxg2 23. Nxg2 Qc6 24. Rxd8+ Rxd8 25. Qb5 Qxc2 26. Qxe5 Ned5 27. Qd4 Re8
28. Bxh6 Rxe1+ 29. Nxe1 Qf5 30. Bd2 Qxh3 31. Nf3 Qf5 32. Ng5 Ng4 33. Kg2 f6 34.
Nf3 Qe6 35. Qd3 Kf7 36. Qh7 Ne7 37. Qd3 Qc6 38. Bc3 Qxa4 39. Bd4 Qc6 40. Kg1 a4
41. Bc3 Qd5 42. Qe2 Nh6 43. Nd4 Nhf5 44. Qh5+ Kf8 45. Nxf5 Qxf5 46. Qh4 b5 47.
Qd4 Kf7 48. Bb4 Qd5 49. Qe3 Nc6 50. Be1 Ne5 51. Kf1 Qc4+ 52. Kg2 Qd5+ 53. f3 Nc4
54. Qf2 Qd3 55. Bb4 Kg6 56. Bc5 Qb3 57. Bd4 b4 58. Qe2 Kf7 59. Qe4 Nd6 60. Qc6
Nf5 61. Qd7+ Kg6 62. Qe8+ Qf7 63. Qe4 Qd7 64. g4 a3 65. bxa3 bxa3 66. gxf5+ Qxf5
67. Qe2 Qg5+ 68. Kf1 Qd5 69. Qg2+ Kf7 70. Qf2 a2 71. Qe3 g5 72. Qc3 f5 73. Kf2
Kg6 74. Qb2 g4 75. fxg4 fxg4 76. Qb6+ Kh5 77. Ke3 Qf3+ 78. Kd2 g3 79. Qb5+ Kh4
80. Qe5 Kh3 81. Kc2 Kg2 82. Kb2 Qg4 83. Kxa2 Qg8+ 84. Kb2 Qg4 85. Qf6 Qe2+ 86.
Kc3 Qf3+ 87. Qxf3+ Kxf3 88. Kc4 g2 89. Kc3 g1=Q 90. Bxg1 1/2-1/2

[Event "Saint Louis Blitz 2025"]
[Site "Saint Louis USA"]
[Date "2025.08.14"]
[Round "6.4"]
[White "Shankland, Sam"]
[Black "Abdusattorov, Nodirbek"]
[Result "0-1"]
[WhiteTitle "GM"]
[BlackTitle "GM"]
[WhiteElo "2670"]
[BlackElo "2771"]
[WhiteFideId "2004887"]
[BlackFideId "14204118"]
[EventDate "2025.08.14"]

1. d4 d5 2. c4 c6 3. Nf3 Nf6 4. Nc3 dxc4 5. a4 Bf5 6. Ne5 Nbd7 7. Nxc4 Nb6 8.
Ne5 e6 9. f3 a5 10. e4 Bg6 11. Be3 Nbd7 12. Nd3 h6 13. Be2 Be7 14. O-O O-O 15.
Qb3 Qb8 16. Nf4 Bh7 17. Nxe6 fxe6 18. Qxe6+ Rf7 19. Bc4 Qe8 20. e5 Nd5 21. Nxd5
cxd5 22. Bxd5 Ra6 23. Qxf7+ Qxf7 24. Bxf7+ Kxf7 25. f4 Be4 26. f5 Nb6 27. Rae1
Bc2 28. e6+ Kg8 29. Bxh6 Bf6 30. Bf4 Bxd4+ 31. Be3 Bf6 32. Bxb6 Rxb6 33. e7 Bxa4
34. e8=Q+ Bxe8 35. Rxe8+ Kf7 36. Re2 Bxb2 37. Rf4 Rb3 38. Rc4 b5 39. Rc6 a4 40.
g4 a3 41. g5 Rc3 42. Ra6 Rc8 43. Ra7+ Kf8 44. f6 Bd4+ 45. Kg2 Bxa7 46. Re7 Bc5
47. Rxg7 a2 48. Rh7 Kg8 49. Rg7+ Kh8 50. g6 a1=Q 0-1

[Event "Saint Louis Blitz 2025"]
[Site "Saint Louis USA"]
[Date "2025.08.14"]
[Round "6.5"]
[White "Vachier-Lagrave, Maxime"]
[Black "Oparin, Grigoriy"]
[Result "1/2-1/2"]
[WhiteTitle "GM"]
[BlackTitle "GM"]
[WhiteElo "2736"]
[BlackElo "2660"]
[WhiteFideId "623539"]
[BlackFideId "24125890"]
[EventDate "2025.08.14"]

1. e4 c5 2. Nf3 Nc6 3. Bb5 e6 4. O-O Nge7 5. Re1 b6 6. c3 a6 7. Ba4 c4 8. Bc2
Ng6 9. d4 cxd3 10. Bxd3 Qc7 11. Be3 Bc5 12. Nbd2 O-O 13. Nd4 Bb7 14. Rc1 Rad8
15. N2f3 Nxd4 16. Nxd4 Ne5 17. Bf1 Ng6 18. Nb3 Bxe3 19. Rxe3 d5 20. exd5 Rxd5
21. Qg4 Rfd8 22. Rce1 h5 23. Qc4 Qd6 24. g3 Ne5 25. Qf4 Ng4 26. Qxd6 R5xd6 27.
R3e2 Bf3 28. Rc2 Bd1 29. Rc1 Bxb3 30. axb3 Rd2 31. Re2 Rxe2 32. Bxe2 Rd2 33.
Bxg4 hxg4 34. b4 Rxb2 35. Ra1 Rc2 36. Rxa6 Rxc3 37. Rxb6 Rb3 38. Kg2 Rb2 39. Rb7
g6 40. b5 Kg7 41. b6 Kf6 42. Kf1 e5 43. Rb8 Kf5 44. Kg2 Kf6 45. Kf1 Kf5 46. Kg2
Kf6 47. Kf1 Kf5 1/2-1/2

[Event "Saint Louis Blitz 2025"]
[Site "Saint Louis USA"]
[Date "2025.08.14"]
[Round "7.1"]
[White "Oparin, Grigoriy"]
[Black "Shankland, Sam"]
[Result "1-0"]
[WhiteTitle "GM"]
[BlackTitle "GM"]
[WhiteElo "2660"]
[BlackElo "2670"]
[WhiteFideId "24125890"]
[BlackFideId "2004887"]
[EventDate "2025.08.14"]

1. e4 e5 2. Nc3 Nc6 3. a3 Nf6 4. d3 Be7 5. g4 h6 6. Bg2 d6 7. h3 Nh7 8. Be3 Bg5
9. Nf3 Bxe3 10. fxe3 Ng5 11. Qd2 Be6 12. Qf2 Qf6 13. Qg3 h5 14. gxh5 Rxh5 15. h4
Nxf3+ 16. Bxf3 Rh7 17. Kd2 O-O-O 18. Raf1 Kb8 19. h5 Ne7 20. Rhg1 Qh6 21. Be2 f6
22. Qf2 Bf7 23. Rh1 d5 24. exd5 Nxd5 25. Nxd5 Bxd5 26. Rhg1 Bf7 27. Qf5 a5 28.
Rf2 Bxh5 29. Bxh5 Qxh5 30. Qxh5 Rxh5 31. Rxg7 Rd6 32. Rg6 f5 33. Rg8+ Ka7 34.
Re8 e4 35. Re5 Ka6 36. Rexf5 Rh1 37. d4 Rb1 38. b3 a4 39. bxa4 Ra1 40. Rc5 c6
41. Re5 Rxa3 42. Rf8 Kb6 43. Rxe4 Rxa4 44. Rf7 c5 45. c3 Kb5 46. Kd3 c4+ 47. Ke2
Ra2+ 48. Kf3 b6 49. Re5+ Kc6 50. e4 Rc2 51. d5+ Kb5 52. Re8 Rxc3+ 53. Kf4 Rh6
54. Ke5 Re3 55. d6 c3 56. d7 Rh5+ 57. Rf5 Rh4 1-0

[Event "Saint Louis Blitz 2025"]
[Site "Saint Louis USA"]
[Date "2025.08.14"]
[Round "7.2"]
[White "Abdusattorov, Nodirbek"]
[Black "Dominguez Perez, Leinier"]
[Result "1-0"]
[WhiteTitle "GM"]
[BlackTitle "GM"]
[WhiteElo "2771"]
[BlackElo "2738"]
[WhiteFideId "14204118"]
[BlackFideId "3503240"]
[EventDate "2025.08.14"]

1. e4 c5 2. Nf3 d6 3. d4 cxd4 4. Qxd4 Nf6 5. Be2 Nc6 6. Qe3 g6 7. O-O Bg7 8. h3
O-O 9. Rd1 Be6 10. Nc3 Rc8 11. a3 a6 12. Nd5 Nd7 13. Nf4 Nc5 14. Nxe6 Nxe6 15.
c3 Nc5 16. Nd4 Qb6 17. Nxc6 Rxc6 18. Rb1 Qb3 19. Bd2 b5 20. Re1 Qc2 21. Bf3 Nd3
22. Rf1 Ne5 23. Rfc1 Nxf3+ 24. gxf3 Qb3 25. Rd1 Qe6 26. Kg2 Rc4 27. Qd3 Rc5 28.
Bf4 f5 29. Re1 fxe4 30. Qxe4 Qxe4 31. Rxe4 d5 32. Rb4 Rc4 33. Bg3 Kf7 34. Ra1
Rfc8 35. Re1 e6 36. Be5 Bf8 37. Rb3 Bc5 38. Bg3 Ke7 39. Ra1 Kd7 40. a4 b4 41. a5
Rf8 42. Re1 Rc8 43. Re2 Rc6 44. h4 Be7 45. cxb4 Rxb4 46. Ree3 Rcc4 47. Kh3 Rxb3
48. Rxb3 Bb4 49. Be5 Kc6 50. f4 d4 51. Kg4 Kd5 52. Kg5 Bxa5 53. Kh6 Rb4 54. Ra3
Bb6 55. Kxh7 Rb5 56. Kxg6 Kc4 57. h5 Ra5 58. Rh3 Ra1 59. h6 Rg1+ 60. Kf7 d3 61.
b3+ Kd5 62. Rxd3+ Ke4 63. Rh3 1-0

[Event "Saint Louis Blitz 2025"]
[Site "Saint Louis USA"]
[Date "2025.08.14"]
[Round "7.3"]
[White "Aronian, Levon"]
[Black "Vachier-Lagrave, Maxime"]
[Result "1/2-1/2"]
[WhiteTitle "GM"]
[BlackTitle "GM"]
[WhiteElo "2737"]
[BlackElo "2736"]
[WhiteFideId "13300474"]
[BlackFideId "623539"]
[EventDate "2025.08.14"]

1. e4 c5 2. Nc3 d6 3. Bb5+ Bd7 4. Bxd7+ Qxd7 5. Nge2 Nc6 6. d4 cxd4 7. Nxd4 g6
8. Nxc6 bxc6 9. Qd4 Nf6 10. e5 dxe5 11. Qxe5 Bg7 12. O-O O-O 13. Qe2 Rab8 14.
Na4 Rfd8 15. b3 Nd5 16. Rb1 Qf5 17. h3 h5 18. Rd1 Rd6 19. Rd3 Nb4 20. Rxd6 exd6
21. Ba3 Nxc2 22. Bxd6 Nd4 23. Qf1 Rd8 24. Bc5 Ne2+ 25. Kh1 Rd2 26. Bxa7 Be5 27.
Be3 Rxa2 28. Nc5 Nc3 29. Ra1 Rxa1 30. Qxa1 Nd5 31. Qd1 Nxe3 32. fxe3 Qf2 33. Qc1
Qg3 34. Qg1 Kg7 35. Ne4 Qh4 36. Nd2 Qb4 37. Nc4 Bg3 38. Qa1+ Kg8 39. Qd1 c5 40.
Kg1 Qc3 41. Kf1 h4 42. Ke2 Qf6 43. Kd3 Qf5+ 44. e4 Qf2 45. Qe2 Qd4+ 46. Kc2 Qa1
47. Qd2 Qf1 48. e5 Kg7 49. Qd5 Qe2+ 50. Kb1 Bf2 51. Nd6 Qf1+ 52. Kc2 Bd4 53. Qf3
Qxf3 54. gxf3 Bxe5 55. Nb7 Bd4 56. Kd3 Kf6 57. b4 Ke5 58. bxc5 Kd5 59. Nd8 f6
60. Ne6 Be5 61. Nf8 g5 62. Nd7 Bb2 63. Nb6+ Kc6 64. Kc4 f5 65. Kd3 g4 66. fxg4
fxg4 67. Ke2 gxh3 68. Kf1 Bd4 69. Nc4 Kd5 70. c6 Kxc6 71. Ne5+ Bxe5 72. Kg1 h2+
73. Kh1 h3 1/2-1/2

[Event "Saint Louis Blitz 2025"]
[Site "Saint Louis USA"]
[Date "2025.08.14"]
[Round "7.4"]
[White "So, Wesley"]
[Black "Caruana, Fabiano"]
[Result "1/2-1/2"]
[WhiteTitle "GM"]
[BlackTitle "GM"]
[WhiteElo "2745"]
[BlackElo "2784"]
[WhiteFideId "5202213"]
[BlackFideId "2020009"]
[EventDate "2025.08.14"]

1. c4 e5 2. g3 Be7 3. Nc3 f5 4. d4 d6 5. Bg2 Nf6 6. b3 O-O 7. Bb2 c6 8. e3 e4 9.
d5 Nbd7 10. dxc6 bxc6 11. Nge2 Ne5 12. O-O Be6 13. Nd4 Bd7 14. Rb1 Kh8 15. Qd2
Qe8 16. h3 Qh5 17. f3 exf3 18. Nxf3 Rad8 19. Rbd1 Qg6 20. Kh2 Rfe8 21. Nh4 Qg5
22. e4 Nxe4 23. Nxe4 fxe4 24. Bxe4 Qh5 25. Bg2 Bxh4 26. gxh4 Qxh4 27. Qf4 Qe7
28. Rfe1 c5 29. Qg3 Bf5 30. Rd5 Qf6 31. Bxe5 dxe5 32. Rexe5 g6 33. Rxc5 Rxe5 34.
Qxe5 Qxe5+ 35. Rxe5 Rd2 36. a3 Kg7 37. Re3 Kf6 38. c5 Rc2 39. b4 h5 40. h4 g5
41. hxg5+ Kxg5 42. Rg3+ Kf4 43. Rf3+ Ke5 44. Kg1 h4 45. Re3+ Kf4 46. Rf3+ Ke5
47. Re3+ Kf4 48. Rf3+ Ke5 1/2-1/2

[Event "Saint Louis Blitz 2025"]
[Site "Saint Louis USA"]
[Date "2025.08.14"]
[Round "7.5"]
[White "Gukesh, D"]
[Black "Le, Quang Liem"]
[Result "0-1"]
[WhiteTitle "GM"]
[BlackTitle "GM"]
[WhiteElo "2776"]
[BlackElo "2729"]
[WhiteFideId "46616543"]
[BlackFideId "12401137"]
[EventDate "2025.08.14"]

1. e4 e5 2. Nf3 Nc6 3. Bb5 a6 4. Ba4 Nge7 5. c3 Ng6 6. d4 exd4 7. cxd4 d5 8.
exd5 Qxd5 9. O-O Bg4 10. Nc3 Qh5 11. Re1+ Be7 12. d5 O-O-O 13. Bxc6 Bxf3 14.
Bxb7+ Kxb7 15. Qxf3 Qxf3 16. gxf3 Bb4 17. Rb1 Kc8 18. Rd1 Ne7 19. Bd2 Bxc3 20.
Bxc3 Nxd5 21. Be5 Rhe8 22. Bg3 f5 23. f4 Nb6 24. b3 Re2 25. a4 Rd5 26. Kf1 Ra2
27. Re1 Kb7 28. Rbc1 Rb2 29. Rc3 Rd6 30. Re5 g6 31. Kg2 Nd5 32. Rf3 Nf6 33. Re7
Rd7 34. Re6 Ne4 35. Re3 Rdd2 36. Rf3 Rd7 37. Re3 Rb1 38. Kh3 Rd2 39. Re7 h5 40.
Kh4 Rc1 41. f3 Nxg3 42. hxg3 Rg2 43. Rg7 Rh1+ 44. Kg5 Rxg3+ 45. Kf6 Rc1 46. b4
h4 47. Re8 Rc6+ 48. Kf7 Rxf3 49. Rgg8 Rd6 50. Rb8+ Kc6 51. Ra8 Kd5 52. Rxg6 Rxf4
53. Rxd6+ cxd6 54. Kf6 Rxb4 55. Rxa6 f4 56. Ra5+ Ke4 57. Rh5 Rxa4 0-1

[Event "Saint Louis Blitz 2025"]
[Site "Saint Louis USA"]
[Date "2025.08.14"]
[Round "8.1"]
[White "Le, Quang Liem"]
[Black "So, Wesley"]
[Result "0-1"]
[WhiteTitle "GM"]
[BlackTitle "GM"]
[WhiteElo "2729"]
[BlackElo "2745"]
[WhiteFideId "12401137"]
[BlackFideId "5202213"]
[EventDate "2025.08.14"]

1. d4 Nf6 2. c4 e6 3. Nf3 d5 4. Nc3 Bb4 5. Qa4+ Nc6 6. e3 O-O 7. Qc2 Re8 8. Bd2
a6 9. a3 Bd6 10. h3 Bd7 11. Bd3 dxc4 12. Bxc4 h6 13. O-O e5 14. Rae1 Qc8 15.
dxe5 Nxe5 16. Nxe5 Bxe5 17. f4 Bxc3 18. Bxc3 Ne4 19. Be5 Bc6 20. Rd1 Qf5 21. Rd4
Nd6 22. Bd3 Qh5 23. Qf2 Nf5 24. Rc4 Rad8 25. Be2 Qg6 26. e4 Nd6 27. f5 Qg5 28.
Bf4 Qe7 29. f6 Qxf6 30. e5 Qe7 31. exd6 Qxe2 32. dxc7 Qxc4 33. cxd8=Q Rxd8 34.
Qg3 Rd3 35. Qg4 Qe4 36. Kh2 Kh7 37. Rf2 Rd4 38. Qg3 Rd3 39. Qh4 Rd5 40. Bg3 Qe6
41. Qf4 f6 42. Qc1 Rd3 43. Qc2 Qe4 44. Re2 Qg6 45. Bf4 h5 46. Re3 Rd4 47. Qxg6+
Kxg6 48. Bc7 Rd2 49. Rg3+ Kf7 50. b4 h4 51. Rg4 g5 52. Kg1 Kg6 53. Bb6 Rd3 54.
Kf2 Rxa3 55. Be3 Ra2+ 56. Kf1 Bb5+ 57. Kg1 Bc6 58. Bf2 Ra1+ 59. Kh2 Rf1 60. Bxh4
Kh5 61. Bg3 f5 62. Rd4 f4 63. Bxf4 Rxf4 0-1

[Event "Saint Louis Blitz 2025"]
[Site "Saint Louis USA"]
[Date "2025.08.14"]
[Round "8.2"]
[White "Vachier-Lagrave, Maxime"]
[Black "Gukesh, D"]
[Result "1-0"]
[WhiteTitle "GM"]
[BlackTitle "GM"]
[WhiteElo "2736"]
[BlackElo "2776"]
[WhiteFideId "623539"]
[BlackFideId "46616543"]
[EventDate "2025.08.14"]

1. e4 e5 2. Nf3 Nc6 3. Bb5 a6 4. Ba4 Nf6 5. O-O Be7 6. Re1 b5 7. Bb3 O-O 8. a4
Bb7 9. d3 Re8 10. Nc3 b4 11. Nd5 Na5 12. Nxf6+ Bxf6 13. Bd5 Bxd5 14. exd5 c6 15.
dxc6 Nxc6 16. c3 d5 17. Be3 Rb8 18. Rc1 Qa5 19. c4 Rbd8 20. Qb3 d4 21. Bg5 Bxg5
22. Nxg5 h6 23. Ne4 Re6 24. c5 Qc7 25. Nd6 Qd7 26. Re2 a5 27. Rce1 Rg6 28. Qd5
Rf8 29. g3 Kh7 30. b3 f5 31. f3 h5 32. Rg2 Rff6 33. Qc4 h4 34. Qc2 h3 35. Rf2
Qe6 36. f4 Rg4 37. fxe5 Rf8 38. Qc4 Qg6 39. Qd5 f4 40. Qxc6 fxg3 41. Rxf8 Qxd3
42. Rh8+ 1-0

[Event "Saint Louis Blitz 2025"]
[Site "Saint Louis USA"]
[Date "2025.08.14"]
[Round "8.3"]
[White "Caruana, Fabiano"]
[Black "Abdusattorov, Nodirbek"]
[Result "0-1"]
[WhiteTitle "GM"]
[BlackTitle "GM"]
[WhiteElo "2784"]
[BlackElo "2771"]
[WhiteFideId "2020009"]
[BlackFideId "14204118"]
[EventDate "2025.08.14"]

1. e4 e5 2. Nf3 Nc6 3. Bb5 Nf6 4. d3 Bc5 5. Bxc6 dxc6 6. Nbd2 b6 7. Nc4 Nd7 8.
O-O Qe7 9. c3 Ba6 10. Qa4 Bb5 11. Qb3 a5 12. a4 Ba6 13. Rd1 O-O 14. Bg5 Qe6 15.
Ncd2 Qxb3 16. Nxb3 Bd6 17. Be3 c5 18. Ne1 c4 19. Nc1 cxd3 20. Ncxd3 Bc4 21. f3
Rad8 22. Rd2 Nc5 23. Nc1 Be7 24. b4 Rxd2 25. Bxd2 Rd8 26. Be3 Nb3 27. Nxb3 Bxb3
28. bxa5 bxa5 29. Rb1 Bxa4 30. Ra1 Bb3 31. Rxa5 f6 32. Kf2 Rd1 33. Bc5 Kf7 34.
Bxe7 Kxe7 35. Rb5 Be6 36. Ke2 Ra1 37. Rb2 Bc4+ 38. Kd2 Kd6 39. Nc2 Rh1 40. Ne3
Be6 41. h3 h6 42. Rb8 Ra1 43. Rb2 Kc5 44. Rb7 Ra2+ 45. Kd3 Kd6 46. Rb8 Ke7 47.
h4 Ra1 48. h5 Ra2 49. Rb1 Kd7 50. Rb8 Ke7 51. Rb1 Ra6 52. g4 Ra2 53. Nf5+ Bxf5
54. exf5 Ra8 55. Ke3 Kd6 56. Rb5 Kc6 57. Rb1 Kc5 58. Rd1 Kc6 59. Rd2 Ra3 60. Rd3
Ra8 61. Rd1 Ra3 62. Rd8 Rxc3+ 63. Kf2 Rc2+ 64. Kg3 Rc3 65. Kf2 Rc2+ 66. Ke3 Rc3+
67. Ke2 e4 68. Rg8 exf3+ 69. Kf2 Kd5 70. Rxg7 Ke4 71. g5 hxg5 72. h6 Rc2+ 73.
Kg3 Rg2+ 74. Kh3 Rg1 75. Re7+ Kf4 0-1

[Event "Saint Louis Blitz 2025"]
[Site "Saint Louis USA"]
[Date "2025.08.14"]
[Round "8.4"]
[White "Shankland, Sam"]
[Black "Dominguez Perez, Leinier"]
[Result "1-0"]
[WhiteTitle "GM"]
[BlackTitle "GM"]
[WhiteElo "2670"]
[BlackElo "2738"]
[WhiteFideId "2004887"]
[BlackFideId "3503240"]
[EventDate "2025.08.14"]

1. d4 d5 2. c4 dxc4 3. Nf3 Nf6 4. e3 e6 5. Bxc4 c5 6. O-O Be7 7. Re1 O-O 8. e4
cxd4 9. e5 Nfd7 10. Qxd4 Nb6 11. Qg4 h5 12. Qe4 Nxc4 13. Qxc4 Nc6 14. Nc3 Bd7
15. Bf4 Rc8 16. Qe4 Qb6 17. Rad1 Rfd8 18. Bg5 Be8 19. Qh4 Rxd1 20. Nxd1 Bxg5 21.
Qxg5 g6 22. Nc3 Qd8 23. Qh6 Nb4 24. Ne4 Nd5 25. Rd1 Qe7 26. Rxd5 1-0